| 000 | 00555pam a2200217 a 4500 | ||
|---|---|---|---|
| 001 | 2787824 | ||
| 005 | 20180201050619.0 | ||
| 008 | 810721s1981 nyua b 001 0 eng | ||
| 010 | _a 81011197 | ||
| 020 |
_a0814734146 : _c$35.00 |
||
| 040 |
_aDLC _cDLC _dDLC |
||
| 041 | _aeng | ||
| 080 | _a330.01 HEY | ||
| 082 | 0 | 0 |
_a330.01 HEY _219 |
| 100 | 1 | _a52 | |
| 101 | _aEKO | ||
| 245 | 1 | 0 |
_aEconomics in disequilibrium / _cJohn D. Hey. |
| 504 | _aBibliography: p. [255]-263. | ||
| 906 |
_a7 _bcbc _corignew _d1 _eocip _f19 _gy-gencatlg |
||
| 942 |
_2ddc _cBK |
||
| 999 |
_c41500 _d41500 |
||